02048na a2200373 450000100060000000300080000600500170001400800410003104000250007204100080009708200280010509000190013311000530015224501230020524600410032824600810036926000380045030000290048844000500051750504010056761000310096865000160099965000410101565000200105674000810107674000530115774000930121074000690130374001350137283000190150794200130152695201200153999900150165920931MIRAKIL20181213154847.0170129b tu 000 0  aMilasbturcTR-AnCHP atur aCHP 351.72bC3635p 2010 aBROŞÜR 276 aCumhuriyet Halk Partisi (CHP)bGenel Merkez (GM) aPoliticiation of the court of accounts and liquidation of the independent auditcCumhuriyet Halk Partisi Genel Merkezi aLiquidation of the independent audit aSayışatayın siyasallaştırılması ve bağımsız denetimin tasfiyesi aAnkarab[CHP]c2010fGenç Ofset a13 s.brnk. res.c21 sm. aCumhuriyet Halk Partisi yayınlarıpRaporlar a1. AKP sayıştay denetiminden neden hoşlanmaz? - 2. Sayıştayın siyasallaştırılması -- 3. Sayıştayın INTOSAI denetim standartlarına göre denetim yapmasının engellenmesi - 4. Sayıştay'ın performans denetimi yetkisinin elinden alınması - 5. Sayıştayın yaptığı performans denetimlerine ilişkin raporların sayıştay başkanı tarafından sümenaltı edilmesi aCHPxRaporlarySayıştay aSayıştay aMali denetimxSayıştayzTürkiye aHukuk ve yasama aSayışatayın siyasallaştırılması ve bağımsız denetimin tasfiyesi aAKP sayıştay denetiminden neden hoşlanmaz?  aSayıştayın INTOSAI denetim standartlarına göre denetim yapmasının engellenmesi  aSayıştayın performans denetimi yetkisinin elinden alınması aSayıştayın yaptığı performans denetimlerine ilişkin raporların sayıştay başkanı tarafından sümenaltı edilmesi aCHP raporları 2dcccBKS 51a0001b0001d2017-01-29e2f BROŞÜRLERl0oBROŞÜR 276p013169r2017-01-29 00:00:00tk.10w2017-01-29yVIS c2143d2143